| 000 | 00784nam a2200217Ia 4500 | ||
|---|---|---|---|
| 003 | OSt | ||
| 005 | 20210906162039.0 | ||
| 008 | 210310s1994 ck gr 000 0 spa d | ||
| 040 |
_aCO-JMCR _cCO-JMCR |
||
| 041 | 0 | _aspa | |
| 082 | 0 | 4 |
_a338.18 / _bF727s _223 |
| 111 | 2 |
_aForo Nacional Agropecuario _cCartagena) _d( : 1994 : _940046 |
|
| 245 | 1 | 3 |
_aEl sector agropecuario en Colombia y el mundo: _bpresente y futuro / _cForo Nacional Agropecuario |
| 260 |
_aCartagena, Colombia : _bMinisterio de Agricultura, _c1994. |
||
| 300 |
_a341 páginas ; _c23 cm. |
||
| 505 | 0 | _aEl agro en el contexto internacional. -- El agro en el contexto nacional. | |
| 650 | 1 | 4 |
_aAgricultura _940047 |
| 650 | 2 | 4 |
_aDesarrollo rural _94224 |
| 650 | 2 | 4 |
_aPolíticas agrícolas _940048 |
| 942 |
_2ddc _cBK |
||
| 999 |
_c12376 _d12376 |
||